| 000 | 01599pam a2200349 a 4500 | ||
|---|---|---|---|
| 999 |
_c16957 _d16957 |
||
| 008 | 911022s1992 cau b 001 0 eng | ||
| 010 | _a 91041095 | ||
| 020 | _a1555424147 (acidfree paper) | ||
| 050 | 0 | 0 | _aHD5650 .L354 1992 |
| 100 | 1 | _aLawler, Edward E. | |
| 245 | 1 | 4 |
_aThe ultimate advantage : _bcreating the high-involvement organization / _cEdward E. Lawler III. |
| 250 | _a1st ed. | ||
| 260 |
_aSan Francisco, Calif. : _bJossey-Bass, _cc1992. |
||
| 300 |
_axvii, 371 p. ; _c24 cm. |
||
| 504 | _aIncludes bibliographical references (p. 349-362) and index. | ||
| 650 | 0 |
_aManagement _xEmployee participation. |
|
| 650 | 0 | _aQuality of work life. | |
| 650 | 0 | _aOrganizational effectiveness. | |
| 942 |
_2lcc _cBOOKS _hHD5650 .L354 1992 |
||